| Tag |
First Indicator |
Second Indicator |
Subfields |
| LEADER |
00000cam a2200000 4500 |
| 001 |
in00000057540 |
| 005 |
20151007082204.0 |
| 008 |
750703s1932 eng u |
| 010 |
|
|
|a 32021465
|
| 035 |
|
|
|a (OCoLC)01430657
|
| 035 |
|
|
|9 AAF7505AM
|
| 040 |
|
|
|c JPL
|d TXA
|d UtOrBLW
|
| 049 |
|
|
|a TXAM
|c [130424]
|
| 050 |
0 |
0 |
|a D2
|b .H3
|
| 082 |
0 |
|
|a 069.0973
|
| 092 |
|
|
|a 069
|b H236
|
| 245 |
0 |
0 |
|a Handbook of American museums /
|c with an appended list of museums in Canada and Newfoundland.
|
| 264 |
|
1 |
|a Washington, D.C. :
|b The American association of museums,
|c 1932.
|
| 300 |
|
|
|a vii, 799 pages ;
|c 24 cm.
|
| 336 |
|
|
|a text
|b txt
|2 rdacontent
|
| 337 |
|
|
|a unmediated
|b n
|2 rdamedia
|
| 338 |
|
|
|a volume
|b nc
|2 rdacarrier
|
| 500 |
|
|
|a "Compiled by Lewis Barrington and special aides, and edited by L.C. Everard."--p. iii.
|
| 500 |
|
|
|a Foreward signed: Laurence Vail Coleman.
|
| 650 |
|
0 |
|a Museums
|z United States.
|
| 650 |
|
0 |
|a Museums
|z Canada.
|
| 650 |
|
0 |
|a Museums
|z Newfoundland and Labrador.
|
| 700 |
1 |
|
|a Barrington, Lewis.
|
| 700 |
1 |
|
|a Everard, Lewis,
|d 1884-
|
| 710 |
2 |
|
|a American Association of Museums.
|
| 999 |
|
|
|a MARS
|
| 999 |
f |
f |
|s 98aa5b85-3cc0-303b-a586-2adb4742a493
|i b798aa47-8fdc-3c67-8758-2538fbf94c64
|t 0
|
| 952 |
f |
f |
|p ric
|a Texas A&M University
|b Rellis Campus
|c Joint Library Facility
|d Remote Storage
|t 0
|e D2 .H3
|h Library of Congress classification
|i unmediated -- volume
|m A14800499670
|
| 998 |
f |
f |
|a D2 .H3
|t 0
|l Remote Storage
|